000 00618cam a2200193 4500
001 J104085
008 000000n2000 000 0 eng u
035 _a(Sirsi) u104085
050 _a333.337
110 _aCB Hillier Parker
_93660
245 _aWestern Corridor office : market index brief. - 1999 annual review
260 _aLondon
_bCB Hillier Parker
_c2000
300 _a(4)p. ; 30cm.
650 _aPROPERTY-COMMERCIAL PROPERTY-OFFICE PROPERTY-OFFICE PROPERTY MARKET
650 _aWESTERN CORRIDOR
650 _aOFFICES
690 _aPROPERTY-COMMERCIAL PROPERTY-COMMERCIAL PROPERTY MARKET
942 _n0
999 _c100214
_d100214